| 000 | 00601cam a2200193 a 4500 | ||
|---|---|---|---|
| 020 | _a0727701886 : | ||
| 082 | 0 | 0 |
_a624 _bCOT _c38, P-82 |
| 100 | 1 |
_aCottington, Jack. _942247 |
|
| 245 | 1 | 0 |
_aSite investigation and the law / _cJack Cottington, Robert Akenhead. |
| 260 |
_aLondon : _bTelford, _c1984. |
||
| 300 |
_axvi, 184 p. ; _c24 cm. |
||
| 500 | _a"Table of cases": p. xvi. | ||
| 500 | _aIncludes index. | ||
| 526 |
_a0 _b0 _c0 _d624_000000000000000_COT |
||
| 650 | 0 |
_aConstruction contracts _zGreat Britain. _937710 |
|
| 650 | 0 |
_aMCE _9379 |
|
| 700 | 1 |
_aAkenhead, Robert. _942248 |
|
| 942 |
_2ddc _cBK |
||
| 999 |
_c546169 _d546169 |
||